000 00199 a2200097 4500
020 _a968-29-1840-5
041 _aspa
100 _aFittipaldi,Cica
245 _aEl lenguaje de los pajaros
942 _cBK
999 _c15020
_d15020